| 000 | 00421nam a22001697a 4500 | ||
|---|---|---|---|
| 003 | CEME | ||
| 005 | 20210628203925.0 | ||
| 008 | 210309b xxu||||| |||| 00| 0 eng d | ||
| 020 | _a0-07--12741-7 | ||
| 040 | _c. | ||
| 082 | _a621.38174 PRI | ||
| 100 |
_aCoombs, C. F _967867 |
||
| 245 | _aSoldering, printed circuits workbook services | ||
| 250 | _aVOL-3 | ||
| 260 |
_aNEWYORK _bMCGRAW HILL _c1990 |
||
| 942 |
_cBK _2ddc |
||
| 999 |
_c575553 _d575553 |
||